000 00411pab a2200157 454500
008 180718b2006 xxu||||| |||| 00| 0 eng d
100 _aMunshi, Sunil Kumar
245 _aRole of Ganga and Brahmaputra in the scheme of interlinking Indian rivers
260 _c2006
300 _ap.67-76.
362 _aSep
650 _aRivers - India
650 _aRivers
773 _aMan and Development
909 _a72586
999 _c72586
_d72586